[Event "IRT Memorial Victorio Riego"]
[Site "Asunción"]
[Date "2011.01.13"]
[Round "8.5"]
[White "Rivas, Jose"]
[Black "Roman, Rodrigo"]
[Result "0-1"]
[WhiteElo "1775"]
[BlackElo "1960"]
[PlyCount "58"]
[EventDate "2011.01.06"]

1. e4 c5 2. Nf3 e6 3. d3 Nc6 4. g3 Nf6 5. Bg2 d5 6. Nbd2 Be7 7. O-O b6 8. Re1
Bb7 9. e5 Nd7 10. c3 Qc7 11. d4 cxd4 12. cxd4 Nb4 13. Re3 Qc2 14. Qe2 Ba6 15.
Qe1 Qg6 16. Rc3 Nc2 17. Qd1 Nxa1 18. Qa4 Bc8 19. Bf1 O-O 20. Bb5 Nb8 21. Rc7
Bg5 22. Nxg5 Qxg5 23. Rxa7 Rxa7 24. Qxa7 Qg4 25. Qa4 Na6 26. Bxa6 Bxa6 27. f3
Qg6 28. Qxa6 Qc2 29. Qf1 Rc8 0-1

[Event "IRT Memorial Victorio Riego"]
[Site "Asunción"]
[Date "2011.01.13"]
[Round "8.6"]
[White "Lipiniks, Leonardo"]
[Black "Diaz, Ramon"]
[Result "1/2-1/2"]
[WhiteElo "1863"]
[BlackElo "1861"]
[PlyCount "146"]
[EventDate "2011.01.06"]

1. c4 e5 2. e3 Nf6 3. a3 a5 4. Nc3 d6 5. d4 exd4 6. exd4 Be7 7. Nf3 O-O 8. Be2
b6 9. O-O Bb7 10. Nh4 Qd7 11. Bf3 c6 12. Qc2 Bc8 13. g3 d5 14. cxd5 Nxd5 15.
Nxd5 cxd5 16. Ng2 Bf6 17. Be3 Nc6 18. Rfd1 Ne7 19. Rac1 Qf5 20. Qxf5 Bxf5 21.
g4 Rfd8 22. gxf5 Nxf5 23. Nf4 Ne7 24. Kg2 g6 25. Rc7 Rd6 26. Rdc1 Rad8 27. Nd3
Nf5 28. Ne5 Bxe5 29. dxe5 Nxe3+ 30. fxe3 Re6 31. Rc8 Rxc8 32. Rxc8+ Kg7 33. Rc3
Rxe5 34. Rd3 Kf6 35. Bxd5 Rg5+ 36. Kh1 Rf5 37. e4 Rf2 38. Rb3 Ke5 39. Bb7 f5
40. exf5 gxf5 41. Rxb6 f4 42. Rb3 a4 43. Rb4 h5 44. Kg1 Rd2 45. b3 axb3 46.
Rxb3 h4 47. Bg2 Ra2 48. Bf1 Kd4 49. Rf3 Ke4 50. Rh3 Ra1 51. Kf2 Ra2+ 52. Be2
Kf5 53. Rb3 Kg5 54. h3 Kf5 55. Kf3 Kf6 56. Bb5 Kg5 57. a4 Rh2 58. Bd7 Rd2 59.
Rb5+ Kf6 60. Bg4 Rd3+ 61. Ke4 Ra3 62. a5 Ra4+ 63. Kf3 Kg6 64. Rb6+ Kg5 65. a6
Ra3+ 66. Kf2 Ra2+ 67. Be2 Ra3 68. Bf1 Ra2+ 69. Kg1 f3 70. Rb7 Kf4 71. a7 Kg3
72. Rg7+ Kf4 73. Rb7 Kg3 1/2-1/2

[Event "IRT Memorial Victorio Riego"]
[Site "Asunción"]
[Date "2011.01.13"]
[Round "8.7"]
[White "Rezende, Guilherme Vilela"]
[Black "Chang, Suzana"]
[Result "1-0"]
[WhiteElo "1975"]
[BlackElo "2028"]
[PlyCount "63"]
[EventDate "2011.01.06"]

1. d4 Nf6 2. c4 e6 3. Nf3 Bb4+ 4. Nbd2 O-O 5. a3 Bxd2+ 6. Bxd2 Ne4 7. Bf4 b6 8.
g3 Bb7 9. Bg2 d6 10. Qd3 Qe8 11. O-O Nd7 12. b4 f5 13. Rfc1 c5 14. Ng5 Ndf6 15.
dxc5 e5 16. c6 Bxc6 17. Bd2 Qd7 18. Nxe4 fxe4 19. Qb3 Kh8 20. Rf1 b5 21. Be3
bxc4 22. Qxc4 d5 23. Qc5 Bb5 24. Qc2 Ba4 25. Qd2 d4 26. Bg5 Qd5 27. Rac1 Rac8
28. Bxf6 gxf6 29. Qh6 Bc6 30. Rc5 Qd7 31. Rfc1 Rf7 32. Bxe4 1-0

[Event "IRT Memorial Victorio Riego"]
[Site "Asunción"]
[Date "2011.01.13"]
[Round "8.9"]
[White "Florentin, Damaso"]
[Black "Fretes, Hector"]
[Result "1-0"]
[WhiteElo "1775"]
[BlackElo "1717"]
[PlyCount "95"]
[EventDate "2011.01.06"]

1. d4 f5 2. e4 fxe4 3. Nc3 Nf6 4. Bg5 d5 5. Bxf6 exf6 6. Qh5+ g6 7. Qxd5 Qxd5
8. Nxd5 Kd8 9. Nxf6 Bf5 10. Nd5 Be6 11. Ne3 c6 12. Ne2 Bg7 13. O-O-O Rf8 14. d5
cxd5 15. Nxd5 Bxd5 16. Rxd5+ Ke7 17. Ng3 Rxf2 18. Nxe4 Rf4 19. Bd3 Nc6 20. Re1
Bh6 21. Kb1 Rd8 22. Rb5 b6 23. g3 Rff8 24. a3 Kd7 25. Nc3 Rf2 26. Rd5+ Kc7 27.
Nb5+ Kb7 28. Rxd8 Nxd8 29. Re7+ Kb8 30. h4 Rf7 31. Re8 Rf8 32. Re2 Nc6 33. Re6
Nd8 34. Rd6 Be3 35. Rd7 h6 36. Bxg6 Bf2 37. Rd3 Nc6 38. Be4 Ne5 39. Rd6 Bxg3
40. Rxh6 Nc4 41. Bd3 Nd2+ 42. Ka2 Nf3 43. h5 Bf4 44. Rh7 a5 45. Be4 Ng5 46.
Rb7+ Kc8 47. Bc6 Rh8 48. Na7+ 1-0

[Event "IRT Memorial Victorio Riego"]
[Site "Asunción"]
[Date "2011.01.13"]
[Round "8.11"]
[White "Herrero, Juan Luis"]
[Black "Deus Filho, Joaquim De"]
[Result "0-1"]
[WhiteElo "1327"]
[BlackElo "2107"]
[PlyCount "46"]
[EventDate "2011.01.06"]

1. e4 c5 2. Nf3 d6 3. d4 cxd4 4. Nxd4 Nf6 5. Nc3 a6 6. f3 e5 7. Nb3 Be6 8. Bg5
Nbd7 9. Nd5 Bxd5 10. Bxf6 Nxf6 11. exd5 Be7 12. Qd3 O-O 13. O-O-O Rc8 14. g4
Nd7 15. Bg2 Nc5 16. Nxc5 Rxc5 17. h4 Qa5 18. Kb1 Rfc8 19. Rd2 e4 20. Qxe4 Qxd2
21. f4 Rxc2 22. Qa4 Rc1+ 23. Rxc1 Qxc1# 0-1

[Event "IRT Memorial Victorio Riego"]
[Site "Asunción"]
[Date "2011.01.13"]
[Round "8.11"]
[White "Torres, Christian"]
[Black "Saldana, Fernando Javier"]
[Result "0-1"]
[WhiteElo "1670"]
[BlackElo "1759"]
[PlyCount "154"]
[EventDate "2011.01.06"]

1. e4 c5 2. Nf3 Nc6 3. d4 cxd4 4. Nxd4 Nf6 5. Nc3 a6 6. Bg5 Qb6 7. Nxc6 dxc6 8.
Qd2 e5 9. Be3 Qa5 10. Bd3 Be6 11. O-O Be7 12. a3 b5 13. Ne2 Qc7 14. b4 c5 15.
bxc5 Bxc5 16. Bxc5 Qxc5 17. Qb4 Rc8 18. Qxc5 Rxc5 19. a4 O-O 20. axb5 axb5 21.
Rfb1 Bc4 22. Bxc4 Rxc4 23. Rxb5 Rxc2 24. Ng3 Ng4 25. Rf1 Re8 26. h3 Nf6 27.
Rfb1 h5 28. Rb8 Rxb8 29. Rxb8+ Kh7 30. f3 g6 31. Rb5 h4 32. Nf1 Nh5 33. Rxe5
Kh6 34. Ne3 Ra2 35. Rc5 Nf4 36. Rc2 Ra3 37. Ng4+ Kg7 38. Kh2 Nh5 39. Kg1 Nf4
40. Rd2 Nh5 41. Ne5 Kf6 42. Nc4 Rc3 43. Nb6 Rb3 44. Nd5+ Kg7 45. Rc2 Ng3 46.
Nc3 Rb7 47. Ne2 Nh5 48. Kf2 g5 49. g3 hxg3+ 50. Nxg3 Nf4 51. Ne2 Nh5 52. Rc5
Kg6 53. Rc6+ Kg7 54. Ng3 Rb2+ 55. Ne2 Nf4 56. Kg3 Rxe2 57. Kg4 Rg2+ 58. Kf5
Nxh3 59. e5 Nf4 60. Rd6 Ne6 61. Ke4 Re2+ 62. Kf5 Rh2 63. Kg4 Rh4+ 64. Kg3 Rd4
65. Rb6 Rd5 66. Rb4 Rxe5 67. Rg4 Nf4 68. Kf2 f6 69. Kf1 Re3 70. Kf2 Re2+ 71.
Kf1 Ra2 72. Rg3 Kg6 73. Ke1 Kf5 74. Kf1 Ke5 75. Rg4 Kd4 76. Kg1 Ke3 77. Rg3
Ne2+ 0-1

[Event "IRT Memorial Victorio Riego"]
[Site "Asunción"]
[Date "2011.01.13"]
[Round "8.13"]
[White "Riva, Eric"]
[Black "Aquino, Carlos"]
[Result "0-1"]
[WhiteElo "1690"]
[BlackElo "1745"]
[PlyCount "76"]
[EventDate "2011.01.06"]

1. Nf3 d6 2. g3 f5 3. Bg2 Nf6 4. d3 g6 5. O-O Bg7 6. c4 O-O 7. Nc3 c6 8. Rb1 e5
9. Qc2 h6 10. c5 g5 11. cxd6 Qxd6 12. Nd2 Nbd7 13. Nc4 Qe7 14. b4 Nb6 15. b5
Nxc4 16. dxc4 e4 17. bxc6 bxc6 18. Qb3 Re8 19. Ba3 Qf7 20. Rfc1 Ng4 21. Na4 f4
22. c5 Be6 23. Qb7 Qh5 24. h3 Ne5 25. Bxe4 fxg3 26. fxg3 Qxh3 27. Bb2 Qxg3+ 28.
Kh1 Qh3+ 29. Kg1 Rab8 30. Qxg7+ Kxg7 31. Bxe5+ Kg8 32. Bxb8 Qg4+ 33. Kf2 Qxe4
34. Nc3 Qh4+ 35. Kg1 Bh3 36. Bd6 Re3 37. Rb8+ Kh7 38. Rbb1 Rg3+ 0-1

[Event "IRT Memorial Victorio Riego"]
[Site "Asunción"]
[Date "2011.01.14"]
[Round "9.1"]
[White "Coronel, Dario"]
[Black "Gamarra, Ramon"]
[Result "0-1"]
[WhiteElo "1982"]
[BlackElo "2022"]
[PlyCount "74"]
[EventDate "2011.01.06"]

1. e4 c5 2. Nf3 d6 3. Bb5+ Bd7 4. Bxd7+ Qxd7 5. O-O Nc6 6. d4 cxd4 7. Nxd4 Nf6
8. Nc3 e6 9. Be3 Be7 10. Qe2 O-O 11. Rad1 Rfd8 12. Kh1 Nxd4 13. Bxd4 Qc6 14.
Rd3 b5 15. a3 a5 16. Rg3 b4 17. Bxf6 Bxf6 18. Nd1 Rac8 19. c3 Qc4 20. Qe1 bxa3
21. bxa3 Rb8 22. Rg1 Rb3 23. f4 g6 24. Rf3 Rxa3 25. f5 exf5 26. exf5 Kg7 27.
fxg6 hxg6 28. Qf2 Be5 29. Rf1 f5 30. Ne3 Qe6 31. Nxf5+ gxf5 32. Rxf5 Qh6 33. h3
Rxc3 34. Rf7+ Kh8 35. Qf5 Rc1 36. Qf3 Rxf1+ 37. Qxf1 Rc8 0-1

[Event "IRT Memorial Victorio Riego"]
[Site "Asunción"]
[Date "2011.01.14"]
[Round "9.2"]
[White "Almiron, Antonio"]
[Black "Riline, Alejandro"]
[Result "1/2-1/2"]
[WhiteElo "2140"]
[BlackElo "2218"]
[PlyCount "44"]
[EventDate "2011.01.06"]

1. e4 e5 2. Nf3 Nc6 3. Bb5 d6 4. d4 Bd7 5. O-O Nf6 6. Nc3 exd4 7. Nxd4 Be7 8.
Bxc6 bxc6 9. b3 O-O 10. Bb2 Re8 11. Qd3 Bf8 12. f4 c5 13. Nde2 Bc6 14. Ng3 Qc8
15. Nd5 Nxd5 16. exd5 Bd7 17. f5 Qd8 18. Rf3 Qh4 19. Raf1 c6 20. Rf4 Qh6 21. c4
cxd5 22. cxd5 Rab8 1/2-1/2

[Event "IRT Memorial Victorio Riego"]
[Site "Asunción"]
[Date "2011.01.14"]
[Round "9.3"]
[White "Latorre, Matias"]
[Black "Torres, Mauricio"]
[Result "1-0"]
[WhiteElo "2093"]
[BlackElo "1605"]
[PlyCount "75"]
[EventDate "2011.01.06"]

1. Nf3 Nf6 2. c4 g6 3. g3 Bg7 4. Bg2 O-O 5. O-O d6 6. Nc3 Nc6 7. Rb1 a5 8. a3
e5 9. d3 Bg4 10. Ne1 Rb8 11. h3 Be6 12. Nc2 Qd7 13. Kh2 Ne8 14. b4 axb4 15.
axb4 f5 16. Nd5 Ne7 17. e3 Nf6 18. Nxf6+ Bxf6 19. Qe2 d5 20. Rd1 c6 21. f4 Qc7
22. Bb2 dxc4 23. dxc4 e4 24. Nd4 Bd7 25. Bf1 Bh8 26. Nb3 Bxb2 27. Qxb2 Be6 28.
Nc5 Bc8 29. Rd2 b6 30. Nb3 c5 31. Rbd1 Be6 32. Rd6 Kf7 33. Qe5 Qc8 34. bxc5 Nc6
35. Rxc6 Qxc6 36. Rd6 Qc8 37. Nd4 Re8 38. Nxe6 1-0

[Event "IRT Memorial Victorio Riego"]
[Site "Asunción"]
[Date "2011.01.14"]
[Round "9.4"]
[White "Roman, Rodrigo"]
[Black "Chaves, Nicolas"]
[Result "1/2-1/2"]
[WhiteElo "1960"]
[BlackElo "1794"]
[PlyCount "41"]
[EventDate "2011.01.06"]

1. c4 Nf6 2. Nc3 Nc6 3. g3 e5 4. Bg2 g6 5. e3 Bg7 6. Nge2 O-O 7. O-O d6 8. d3
Ne7 9. e4 c6 10. d4 Ne8 11. dxe5 Bxe5 12. Be3 f5 13. f4 Bg7 14. e5 Qc7 15. exd6
Nxd6 16. Bd4 Be6 17. Bxg7 Kxg7 18. b3 Ng8 19. Nd4 Rfe8 20. Re1 Bf7 21. Nf3
1/2-1/2

[Event "IRT Memorial Victorio Riego"]
[Site "Asunción"]
[Date "2011.01.14"]
[Round "9.5"]
[White "Diaz, Ramon"]
[Black "Rezende, Guilherme Vilela"]
[Result "1/2-1/2"]
[WhiteElo "1861"]
[BlackElo "1975"]
[PlyCount "97"]
[EventDate "2011.01.06"]

1. e4 c5 2. Nf3 e6 3. d4 cxd4 4. Nxd4 a6 5. Nc3 Qc7 6. Be2 b5 7. O-O Bb7 8. a3
Nf6 9. Bf3 d6 10. g3 Be7 11. Bg2 Nbd7 12. Re1 O-O 13. f4 Rfe8 14. g4 d5 15. e5
Ne4 16. Nxe4 dxe4 17. Bxe4 Bxe4 18. Rxe4 Bc5 19. c3 Rad8 20. Qe2 Ba7 21. Qf2
Nc5 22. Re3 Nb3 23. Nxb3 Rd1+ 24. Kg2 Bxe3 25. Bxe3 Rxa1 26. Nxa1 Rd8 27. Nc2
Rd1 28. Qf3 Rd8 29. Bd4 Qc4 30. Ne3 Qd3 31. Kg3 a5 32. Bb6 Rf8 33. Bxa5 h5 34.
g5 Qd2 35. h4 Qxb2 36. Qxh5 Ra8 37. Bb4 Rd8 38. g6 fxg6 39. Qxg6 Qd2 40. Qxe6+
Kh8 41. Kf3 Rd3 42. Qb6 Qd1+ 43. Ke4 Qb1 44. Kf3 Qf1+ 45. Ke4 Qb1 46. Qxb5 Rd6+
47. Kf3 Qh1+ 48. Kg4 Qg1+ 49. Kf3 1/2-1/2

[Event "IRT Memorial Victorio Riego"]
[Site "Asunción"]
[Date "2011.01.14"]
[Round "9.6"]
[White "Heinechen, John"]
[Black "Lipiniks, Leonardo"]
[Result "1/2-1/2"]
[WhiteElo "1788"]
[BlackElo "1863"]
[PlyCount "54"]
[EventDate "2011.01.06"]

1. e4 e5 2. Nf3 Nc6 3. Bc4 Bc5 4. c3 Nf6 5. d4 exd4 6. cxd4 Bb4+ 7. Nc3 Nxe4 8.
O-O Nxc3 9. bxc3 d5 10. Re1+ Be7 11. Bb5 O-O 12. Bxc6 bxc6 13. Ne5 Bd7 14. Qa4
Be8 15. Ba3 Bd6 16. Qa6 Bxa3 17. Qxa3 Qd6 18. Qa5 Bd7 19. Reb1 Rfe8 20. Rb7 a6
21. Nd3 Bf5 22. Nc5 g6 23. Rd1 h5 24. h3 g5 25. Nd3 g4 26. hxg4 hxg4 27. Qc5
Kg7 {Ilegible} 1/2-1/2

[Event "IRT Memorial Victorio Riego"]
[Site "Asunción"]
[Date "2011.01.14"]
[Round "9.7"]
[White "Chang, Suzana"]
[Black "Florentin, Damaso"]
[Result "1-0"]
[WhiteElo "2028"]
[BlackElo "1775"]
[PlyCount "75"]
[EventDate "2011.01.06"]

1. c4 Nf6 2. Nc3 e6 3. d4 d5 4. Bg5 Be7 5. e3 Nbd7 6. cxd5 Nxd5 7. Bxe7 Qxe7 8.
Nf3 O-O 9. Be2 c6 10. O-O Re8 11. Rc1 e5 12. Nxd5 cxd5 13. dxe5 Nxe5 14. Qxd5
Ng4 15. Qg5 Nf6 16. Nd4 h6 17. Qc5 Qe4 18. Bf3 Qh4 19. g3 Qh3 20. Bg2 Qg4 21.
h3 Qg6 22. Nb5 Ne4 23. Qd4 Bf5 24. g4 Bxg4 25. hxg4 Qxg4 26. f3 Qg5 27. fxe4
Qxb5 28. Qd5 Qe2 29. Qxf7+ Kh8 30. Qf2 Qg4 31. Qf4 Qg6 32. Rc7 Rad8 33. Rf3
Rd1+ 34. Rf1 Rd2 35. Rf2 Rd1+ 36. Kh2 Qh5+ 37. Bh3 Re5 38. Qf8+ 1-0

[Event "IRT Memorial Victorio Riego"]
[Site "Asunción"]
[Date "2011.01.14"]
[Round "9.11"]
[White "Fretes, Hector"]
[Black "Aquino, Carlos"]
[Result "0-1"]
[WhiteElo "1717"]
[BlackElo "1745"]
[PlyCount "108"]
[EventDate "2011.01.06"]

1. f4 d5 2. Nf3 Nf6 3. e3 c5 4. d4 e6 5. c3 Nc6 6. Bd3 Bd7 7. O-O Bd6 8. Nbd2
Qe7 9. Ne5 h6 10. e4 dxe4 11. Nxe4 Nxe4 12. Bxe4 Bxe5 13. fxe5 O-O-O 14. Qb3 f5
15. exf6 gxf6 16. Be3 Kb8 17. dxc5 f5 18. Bf3 e5 19. Rfe1 e4 20. Bf4+ Ka8 21.
Bd6 Qg5 22. Bxe4 fxe4 23. Rxe4 Rhg8 24. g3 Rde8 25. Rae1 Rxe4 26. Rxe4 Re8 27.
Rxe8+ Bxe8 28. Qe6 Qd8 29. Qxh6 a6 30. Qf8 Qd7 31. h4 Ka7 32. Qf3 Qe6 33. b3
Nd8 34. Kf2 Bg6 35. Qe3 Qf5+ 36. Kg2 Qc2+ 37. Kh3 Nc6 38. g4 Qxa2 39. b4 Bf7
40. h5 Bd5 41. h6 Qg2+ 42. Kh4 Qh1+ 43. Kg5 Qb1 44. Qe8 Qc1+ 45. Bf4 Qxc3 46.
h7 Qg7+ 47. Qg6 Qe7+ 48. Kh5 Qe1 49. Qg7 Nd8 50. h8=Q Qh1+ 51. Kg6 Qe4+ 52. Kg5
Ne6+ 53. Kh4 Qe1+ 54. Kh3 Nxf4+ 0-1

[Event "IRT Memorial Victorio Riego"]
[Site "Asunción"]
[Date "2011.01.14"]
[Round "9.13"]
[White "Herrero, Juan Luis"]
[Black "Laterza, Martin"]
[Result "0-1"]
[WhiteElo "1327"]
[BlackElo "1547"]
[PlyCount "64"]
[EventDate "2011.01.06"]

1. e4 c6 2. d4 g6 3. Nf3 d6 4. g3 Qc7 5. Bg2 Bg7 6. O-O Nd7 7. Nc3 e5 8. d5 c5
9. b3 Ne7 10. Bb2 a6 11. Qd3 O-O 12. a4 f5 13. Ng5 Nf6 14. Rad1 Rd8 15. f4 exf4
16. Rxf4 Nxe4 17. Ngxe4 fxe4 18. Bxe4 Nf5 19. Rdf1 Rf8 20. g4 Nd4 21. Rxf8+
Bxf8 22. h3 Bg7 23. Bc1 Qa5 24. Ne2 Nxe2+ 25. Qxe2 Qc3 26. Bd3 Bd7 27. Qe7 Qe5
28. Qxd7 Qg3+ 29. Kh1 Qxh3+ 30. Kg1 Bd4+ 31. Rf2 Qg3+ 32. Kh1 Qxf2 0-1